Top Ten Earthquake Prone Countries - Statistics

General Stats
  • This quiz has been taken 36 times
  • The average score is 9 of 10
Answer Stats
Hint Answer % Correct
Dumplings, noodles China
100%
Samurais Japan
100%
Pasta Italy
94%
Tacos Mexico
94%
17,000 Islands Indonesia
91%
Ottoman Empire Turkey
91%
50 States USA
91%
Machu Picchu Peru
88%
Formerly Persia Iran
81%
Speak Tagalog Philippines
78%
No matching quizzes found
Score Distribution
Percent of People with Each Score
Percentile by Number Answered
Your Score History
You have not taken this quiz